000
00298nam a22001217a 4500
082
_a
621.564 WOO'H
100
_a
WOOLRICK, W.R
_9
56662
245
_a
HANDBOOK OF REFRIGERATING ENGINEERING VOLUME 1 FUNDAMENTALS
250
_a
4TH
260
_a
LONDON
_b
AVI
_c
1965
300
_a
IX, 447P
942
_c
BK
999
_c
567034
_d
567034